Entrepreneurship and Consulting
Teoretický základ poradenstva a jeho význam pre podnikanie. Analýza situácie v oblasti marketingového poradenstva v podnikateľskom prostredí v SR - výsledky kvantitatívneho výskumu z obdobia 2016-2017.
Salvato in:
| Autore principale: | |
|---|---|
| Altri autori: | |
| Natura: | Capitolo di libro |
| Lingua: | inglese |
| Soggetti: | |
| Tags: |
Nessun Tag, puoi essere il primo ad aggiungerne!!
|
MARC
| LEADER | 00000nla a2200000 4500 | ||
|---|---|---|---|
| 001 | 0240303 | ||
| 005 | 20240502083644.5 | ||
| 041 | 0 | |a eng | |
| 044 | |a HR | ||
| 245 | 1 | 0 | |a Entrepreneurship and Consulting |c Eva Hanuláková, Ferdinand Daňo |
| 520 | |a Teoretický základ poradenstva a jeho význam pre podnikanie. Analýza situácie v oblasti marketingového poradenstva v podnikateľskom prostredí v SR - výsledky kvantitatívneho výskumu z obdobia 2016-2017. | ||
| 610 | 2 | 0 | |a podnik |
| 610 | 2 | 0 | |a podnikanie |
| 610 | 2 | 0 | |a poradenstvo |
| 610 | 2 | 0 | |a poradcovia |
| 610 | 2 | 0 | |a konzultanti |
| 610 | 2 | 0 | |a konzultácie |
| 610 | 2 | 0 | |a marketing |
| 610 | 2 | 0 | |a služby |
| 610 | 2 | 0 | |a inovácia |
| 610 | 2 | 0 | |a konkurencieschopnosť |
| 610 | 2 | 0 | |a efektívnosť |
| 610 | 2 | 0 | |a Slovensko |
| 610 | 2 | 0 | |a analýza kvantitatívna |
| 100 | 1 | |a Hanuláková, Eva, 1964- | |
| 700 | 1 | |a Daňo, Ferdinand, 1959- | |